Plantilla del Real Madrid 2025/26 - Estadísticas

Estadísticas generales
  • Esta prueba ha sido intentada 128 veces
  • La puntuación promedio es 23 de 26
Estadísticas de respuestas
País posición Respuesta % Correcto
Bélgica POR Thibaut Courtois
99%
Ucrania POR Andriy Lunin
98%
Alemania DEF Antonio Rüdiger
97%
España LD Daniel Cavajal
95%
Austria DEF David Alaba
95%
Francia DC Kylian Mbappé
95%
Brasil EI Vinicius Jr
95%
Uruguay MC Federico Valverde
94%
Inglaterra MC Jude Bellingham
94%
Brasil DEF Éder Militão
93%
Francia MC Eduardo Camavinga
93%
Brasil ED Rodrygo Goes
93%
Inglaterra LD Trent Alexander-Arnold
92%
Turquía MCO Arda Güler
91%
Francia LI Ferland Mendy
91%
España DEF Raúl Asencio
91%
Marruecos ED Brahim Díaz
89%
Argentina MCO Franco Mastantuono
89%
España LI Fran García
86%
España LI Álvaro Carreras
85%
Brasil DC Endrick
83%
España DEF Dean Huijsen
81%
España MC Daniel Ceballos
78%
España DC Gonzalo García
77%
Francia MC Aurélien Tchouaméni
72%
España POR Fran González
39%
No se encontraron pruebas coincidentes
Distribución de puntuación
Porcentaje de gente con cada puntuación
Porcentaje por número respondido
Historial de tus puntuaciones
No has intentado esta prueba.